000 00701nam a22002177a 4500
005 20251108173338.0
008 250721s1997 xx 000 0 ara d
020 _a9771009141
082 1 4 _aط/211.95
100 1 _aحسب النبي، منصور محمد
245 1 0 _aسباحة الأرض و جريانها /
264 1 _aالقاهرة :
_bدار الفكر العربي،
_c1997.
300 _a40 ص. : مص.
490 0 _aالمعارف الكونية بين العلم و القرآن
_v6
650 1 7 _aإعجاز القرآن
650 1 7 _aالأرض
650 1 7 _aدوران الأرض
653 _aناشئون كبار (15- 18 سنة)
942 _2ddc
_cBK
999 _c101772
_d101772